Kader FC Bayern München - Statistiken

Allgemein
  • Dieses Quiz wurde 149 mal gespielt
    71 seit der letzten Aktualisierung
  • Das Durchschnittsergebnis liegt bei 20 aus 28
Antwortstatistiken
Nummer Spieler % Korrekt
1 Neuer
100%
6 Kimmich
99%
26 Ulreich
99%
7 Gnabry
96%
8 Goretzka
96%
9 Kane
96%
10 Sane
96%
2 Upamecano
94%
4 de Ligt
93%
25 Müller
93%
42 Musiala
93%
19 Davies
85%
11 Coman
82%
39 Tel
79%
13 Choupo-Moting
78%
24 Laimer
61%
5 Pavard
58%
40 Mazraoui
57%
44 Stanisic
55%
3 Min-Jae
54%
20 Sarr
49%
14 Wanner
48%
22 Guerreiro
46%
17 Mane
46%
38 Gravenberch
42%
46 Ibrahimovic
37%
28 Buchmann
28%
32 Vidovic
28%
Keine übereinstimmenden Quizze gefunden
Verteilung der Resultate
Anzahl Personen mit jedem Resultat
Perzentil nach korrekt beantworteten Fragen
Ihre Resultats-Entwicklung
Sie haben dieses Quiz seit der letzten Aktualisierung nicht gespielt